| 000 | 00526nam a2200193 a 4500 | ||
|---|---|---|---|
| 005 | 20240420063859.0 | ||
| 008 | 020828s2001 es r 000 0 spa d | ||
| 020 | _a8483163853 | ||
| 035 | _aUPN01000118682 | ||
| 049 | _aCG | ||
| 050 | 4 |
_aLC4015 _bS2.6 |
|
| 100 | 1 | _aSánchez Manzano, Esteban | |
| 245 | 1 | 0 |
_aPrincipios de educación especial / _cEsteban Sánchez Manzano. |
| 260 |
_aMadrid : _bCCS, _cc2001. |
||
| 300 |
_a484 p. : _bil. |
||
| 440 | 0 |
_aCampus ; _v19 |
|
| 650 | 4 |
_aEducación especial _93029 |
|
| 905 | _aLibro | ||
| 999 |
_c91048 _d91048 |
||